Sports Quiz

Random Sports or MLB Quiz

MLB Top 100 HR Hitters Minefield Quiz Stats

Quiz Updated Oct 6, 2017

Challenge
Share
Tweet
Embed
Score 0/101 Timer 20:00
24 Plays Today
Home Runs Player % Correct
762???
88%
755???
85%
714???
84.4%
696*???
75.6%
660???
73.8%
609???
72.3%
630???
69.6%
612???
68.5%
583???
66.3%
354???
64.3%
536???
61.8%
521???
58.4%
426???
55.2%
378???
54.7%
521???
51.3%
555???
51.2%
573???
51.1%
493???
50.7%
586???
50.5%
614*???
49.3%
548???
49.1%
569???
48.9%
563???
48.8%
386???
45.6%
511???
43.7%
534???
43.6%
521???
43.6%
504???
43.2%
512???
41.4%
541???
38.9%
468???
38.6%
509???
37.8%
434???
37.6%
475???
37.1%
Home Runs Player % Correct
462???
36.2%
382*???
35.1%
475???
35.1%
493???
34.6%
512???
34.4%
449???
33.8%
389???
33.1%
431???
32.8%
452???
32.7%
434???
32.7%
361???
32.3%
354???
31.7%
427???
29.9%
382???
29.8%
399???
28.8%
442???
27.5%
465???
27.5%
473???
26.5%
438???
26.4%
407???
25.3%
398???
24.6%
358???
24.3%
449???
24.3%
369???
23.8%
414???
23.5%
385???
23.5%
462???
23.4%
382???
23%
440???
22.9%
439???
22.9%
369???
22.5%
462*???
22.2%
383???
22.2%
381???
22.1%
Home Runs Player % Correct
396???
22.1%
462*???
21.9%
435*???
21.1%
376???
20.3%
399???
18.6%
379???
18.6%
409???
18.1%
339???
17.5%
366???
17.4%
379???
16.3%
355???
16.3%
359???
15.6%
348???
14.9%
393???
14.9%
339???
14.6%
377???
14.6%
342???
14.5%
358???
13.9%
370???
13.9%
390???
13.8%
412???
13.6%
339???
13.5%
Mine???
13%
377???
12.9%
340???
12.2%
350???
11.9%
374???
11.9%
351???
11.3%
384???
11.2%
360???
10%
352???
9%
353???
5.1%
348*???
1.5%

You're not logged in!

Compare scores with friends on all Sporcle quizzes.
Sign Up with Email
OR
Log In

You Might Also Like...

Show Comments

Extras

Top Quizzes Today


Score Distribution

Your Account Isn't Verified!

In order to create a playlist on Sporcle, you need to verify the email address you used during registration. Go to your Sporcle Settings to finish the process.